Statistics for Countries that beat U.S

Click here to take the quiz!

General Stats

  • This quiz has been taken 31 times
    (17 since last reset)
  • The average score is 4 of 5

Answer Stats

HintAnswer% Correct
Most Wars wonFrance/Russia/
and 4 more
100%
Most Population
expected by 2050
India
100%
Most surface areaRussia/Canada
100%
Most olympic gold
medals
Soviet Union/Germany
/Great Britain/France
83%
Oldest CountryJapan
50%

Score Distribution

Percentile by Number Answered

Percent of People with Each Score

Your Score History

You have not taken this quiz since the last reset